000
00479nam a2200169Ia 4500
008
090711s9999 xx 000 0 und d
082
_b
31036
100
_a
खरे सुरेश
245
_a
तूSा माझी राणी
260
_c
1973
300
_a
102
600
_a
खरे सुरेश
630
_a
तूSा माझी राणी
700
_a
खरे सुरेश
730
_a
तूSा माझी राणी
942
_c
BOOK
999
_c
306013
_d
306013